| 000 -ლიდერი |
| ფიქსირებული სიგრძის საკონტროლო ველი |
01448nam a2200265Ia 4500 |
| 001 - საკონტროლო ნომერი |
| საკონტროლო ველი |
1745 |
| 003 - საკონტროლო ნომრის იდენტიფიკატორი |
| საკონტროლო ველი |
GE_BSU |
| 005 - ბოლო ოპერაციის თარიღი და დრო |
| საკონტროლო ველი |
20220928120315.0 |
| 008 - ფიქსირებული სიგრძის მონაცემთა ელემენტები - ზოგადი ინფორმაცია |
| ფიქსირებული სიგრძის საკონტროლო ველი |
181216s||||||||xx |||||||||||||| ||und|| |
| 020 ## - წიგნის საერთაშორისო სტანდარტული ნომერი |
| International Standard Book Number |
9789941911927 |
| 040 ## - კატალოგიზაციის წყარო |
| Transcribing agency |
GE_BSU |
| 041 ## - ენის კოდი |
| Language code of text/sound track or separate title |
geo |
| 080 ## - უნივერსალური ათობითი კლასიფიკაციის ინდექსი |
| Universal Decimal Classification number |
31:336.71+31:336.76 ვ–56 |
| 100 ## - მთავარი ჩანაწერი - პიროვნების სახელი |
| Personal name |
ვირსალაძე, ნაირა |
| 9 (RLIN) |
14880 |
| 245 ## - ცნობა სათაურის შესახებ |
| Title |
საფონდო და სავალუტო ბირჟების სტატისტიკა : |
| Remainder of title |
(ლექციების კურსი) / |
| Statement of responsibility, etc |
ნაირა ვირსალაძე, ნანა შონია, აკაკი ბაკურაძე ; [რედ.: ნინო აბესაძე, მავლინა ყიფიანი]. |
| 264 ## - წარმოების, გამოცემის, დისტრიბუციის და სხვა ცნობები |
| გამოცემის, წარმოების, დისტრიბუციის... ადგილი |
თბილისი : |
| გამოცემის, წარმოების, დისტრიბუციის... სახელწოდება |
ინოვაცია, |
| გამოცემის, წარმოების, დისტრიბუციის... თარიღი |
2009. |
| 300 ## - ფიზიკური აღწერა |
| Extent |
203 გვ.: |
| Other physical details |
ცხრ., გრაფ. ; |
| Dimensions |
20 სმ. |
| 653 ## - INDEX TERM--UNCONTROLLED |
| Uncontrolled term |
სასვალუტო ბირჟის სტატისტიკა |
| 653 ## - INDEX TERM--UNCONTROLLED |
| Uncontrolled term |
საფონდო ბირჟის სტატისტიკა |
| 700 ## - ADDED ENTRY--PERSONAL NAME |
| Personal name |
შონია, ნანა. |
| Relator term |
ავტორი |
| 9 (RLIN) |
13905 |
| 700 ## - ADDED ENTRY--PERSONAL NAME |
| Personal name |
ბაკურაძე, აკაკი. |
| Relator term |
ავტორი |
| 9 (RLIN) |
14881 |
| 700 ## - ADDED ENTRY--PERSONAL NAME |
| Personal name |
აბესაძე, ნინო |
| Relator term |
რედაქტორი |
| 9 (RLIN) |
2811 |
| 700 ## - ADDED ENTRY--PERSONAL NAME |
| Personal name |
ყიფიანი, მავლინა |
| Relator term |
რედაქტორი |
| 9 (RLIN) |
14882 |
| 942 ## - ADDED ENTRY ELEMENTS (KOHA) |
| Koha item type |
წიგნი |
| Source of classification or shelving scheme |
|